00364nam a2200121Ia 4500008004000000020001800040082001600058100003200074245006100106260003600167300001100203650002800214210210b2004 xxu||||| |||| 00| 0 eng d a1 4051 2727 9 a616.01 GANB aGANDHI (Monica) and Others. aBlueprints notes and cases: microbiology and immunology. aUSAbBlackwell publishingc2004 axi,208 aMicrobiology immunology